Statistics for Word Puzzles - Pokemon

Click here to take the quiz!

General Stats

  • This quiz has been taken 84 times
  • The average score is 8 of 20

Answer Stats

Word Puzzle Solution Pokemon % Correct
Mountain Top + Sneeze SoundPeak + Achoo!Pikachu
93%
Burrowing Rodent + Spanish 3Mole + TresMoltres
62%
Morning Moisture + Large Asian CymbalDew + GongDewgong
61%
Beach Dirt + GnR GuitaristSand + SlashSandslash
59%
Animal "Sanctuary" + Winged RodentZoo + BatZubat
57%
Bone Middle + Hit with a StickMarrow + WhackMarowak
52%
Muslim God + Genie Movie starring ShaqAllah + KazaamAlakazam
46%
Electric Chevy + SphereVolt + OrbVoltorb
43%
Roman Godess of Love + Canoe PaddleVenus + OarVenusaur
39%
18th Letter + German Baroque ComposerR + BachArbok
39%
Marbled Bread + Mafia BossRye + DonRhydon
36%
Common Parrot Name + A Deadly SinPolly + WrathPoliwrath
35%
Soccer Score + College HeadGoal + DeanGoldeen
33%
Without Money + Nerdy GhostbusterPoor + EgonPorygon
30%
Helen of Troy's Hubby + Religious SubgroupParis + SectParasect
30%
Steep Rock Face + Aesop's TaleCliff + FableClefable
30%
Raphael's Weapon + "Look Out!"Sai + Duck!Psyduck
16%
Muscat's Country + Jumping Chess PieceOman + KnightOmanyte
10%
Small Rodent + More than one PhotographVole + PicsVulpix
9%
Fruit of the Rose Plant + Meghan Trainor HitHip + NoHypno
7%

Score Distribution

Percentile by Number Answered

Percent of People with Each Score

Your Score History

You have not taken this quiz